[Event "Subotica Interzonal (Women)"]
[Site "Subotica"]
[Date "1991.??.??"]
[Round "1"]
[White "Marinello, Beatriz M"]
[Black "Peng, Zhaoqin"]
[Result "1/2-1/2"]
[WhiteElo "2185"]
[BlackElo "2375"]
[PlyCount "117"]
[EventDate "1991.11.??"]
[EventType "swiss"]
[EventRounds "13"]
[EventCountry "YUG"]
[SourceTitle "TD"]
[Source "ChessBase"]
[SourceDate "1994.03.01"]
[SourceVersion "1"]
[SourceVersionDate "1994.03.01"]
[SourceQuality "1"]

1. e4 e6 2. d4 d5 3. Nd2 a6 4. c3 c5 5. Ngf3 Nc6 6. exd5 exd5 7. dxc5 Bxc5 8. Nb3 Bb6 9. Bf4 Nf6 10. Be2 0-0 11. 0-0 Re8 12. Bg5 Qe7 13. Bd3 Bg4 14. h3 Bh5 15. Nbd2 h6 16. Bh4 Ne5 17. Re1 Nxf3+ 18. Nxf3 Qd6 19. Qa4 g5 20. Nxg5 hxg5 21. Bxg5 Rxe1+ 22. Rxe1 Bg6 23. Qh4 Nh7 24. Bf4 Qc6 25. Bxg6 Qxg6 26. Qe7 Rf8 27. Qxb7 Qf6 28. Be3 Bxe3 29. Rxe3 Rd8 30. Rg3+ Kf8 31. Qb4+ Rd6 32. Qg4 Ke8 33. Rf3 Qe7 34. Qc8+ Qd8 35. Re3+ Kf8 36. Qc5 Nf6 37. Qd4 Re6 38. f3 Rxe3 39. Qxe3 Qd6 40. Kf2 Nd7 41. h4 Qg6 42. Qd4 Qc2+ 43. Kg1 Qf5 44. a4 f6 45. b4 Ke7 46. b5 Qb1+ 47. Kh2 axb5 48. axb5 Qxb5 49. h5 Qc4 50. Qe3+ Kf7 51. g4 Ne5 52. Kg3 Qc7 53. f4 Nc4 54. Qd3 Qc5 55. Qg6+ Ke7 56. Qg7+ Ke6 57. Qg8+ Ke7 58. Qg7+ Ke6 59. Qg8+ 1/2-1/2